مكتبة جامعة عجلون الوطنية

فهرس بحث المكتبة

أثر اليقظة الاستراتيجية في تحقيق الميزة التنافسية في شركات الادوية الاردنية، تكنولوجيا المعلومات : كمتغير معدل = The Effect of Strategic Vigilance in Achieving Competitive Advantage at Jordanian Pharmaceutical Companies, Information Technology : as a Moderating Variable (Record no. 33453)

MARC details
000 -LEADER
fixed length control field 01194nam a22001937a 4500
003 - CONTROL NUMBER IDENTIFIER
control field JO-AjAnu
005 - DATE AND TIME OF LATEST TRANSACTION
control field 20240605114422.0
008 - FIXED-LENGTH DATA ELEMENTS--GENERAL INFORMATION
fixed length control field 240415b jo ||||| |||| 00| 0 ara d
040 ## - CATALOGING SOURCE
Original cataloging agency JO-AjAnu
Language of cataloging ara
Transcribing agency JO-AjAnu
041 #0 - LANGUAGE CODE
Language code of text/sound track or separate title ara
100 #1 - MAIN ENTRY--PERSONAL NAME
Personal name الشويات، اخلاص بسام سليم
Relator term معد
9 (RLIN) 65361
245 10 - TITLE STATEMENT
Title أثر اليقظة الاستراتيجية في تحقيق الميزة التنافسية في شركات الادوية الاردنية، تكنولوجيا المعلومات : كمتغير معدل = The Effect of Strategic Vigilance in Achieving Competitive Advantage at Jordanian Pharmaceutical Companies, Information Technology : as a Moderating Variable
Statement of responsibility, etc. اعداد اخلاص بسام سليم الشويات ؛ اشراف محمود علي الروسان
260 ## - PUBLICATION, DISTRIBUTION, ETC.
Date of publication, distribution, etc. 2023
300 ## - PHYSICAL DESCRIPTION
Extent 110 ورقة
500 ## - GENERAL NOTE
General note رسالة جامعية ( رسالة ماجستير في ادارة الاعمال) - جامعة عجلون الوطنية ( عجلون، الاردن)، كلية الاعمال، 2023.
650 70 - SUBJECT ADDED ENTRY--TOPICAL TERM
Topical term or geographic name entry element الادوية - صناعة - الاردن
9 (RLIN) 65362
700 #1 - ADDED ENTRY--PERSONAL NAME
Personal name الروسان، محمود علي
Relator term مشرف
9 (RLIN) 65363
942 ## - ADDED ENTRY ELEMENTS (KOHA)
Source of classification or shelving scheme Library of Congress Classification
Koha item type Thesis
Suppress in OPAC No
Holdings
Withdrawn status Lost status Source of classification or shelving scheme Damaged status Not for loan Home library Current library Date acquired Total Checkouts Full call number Barcode Date last seen Price effective from Koha item type
    Library of Congress Classification     مكتبة جامعة عجلون الوطنية مكتبة جامعة عجلون الوطنية 15/04/2024   HF5381 2023 a29336 15/04/2024 15/04/2024 Thesis
    Library of Congress Classification     مكتبة جامعة عجلون الوطنية مكتبة جامعة عجلون الوطنية 15/04/2024   HF5381 2023 a29335 15/04/2024 15/04/2024 Thesis